|
|
|
|
| LEADER |
00000nam0a2200000 4500 |
| 001 |
119409 |
| 005 |
20231031124536.0 |
| 035 |
|
|
|a (RuTPU)RU\TPU\book\129238
|
| 090 |
|
|
|a 119409
|
| 100 |
|
|
|a 20070703d1973 km y0rusy50 ca
|
| 101 |
0 |
|
|a rus
|
| 102 |
|
|
|a UA
|
| 105 |
|
|
|a a z 001zy
|
| 200 |
1 |
|
|a Полимерное оборудование и переработка пластмасс
|e сборник статей
|f Украинский научно-исследовательский и конструкторский институт по разработке машин и оборудования для переработки пластических масс, резины и искусственной кожи (Укрниипластмаш) ; отв. ред. В. Н. Орлов
|
| 210 |
|
|
|a Киев
|c Технiка
|d 1973
|
| 215 |
|
|
|a 110 с.
|c ил.
|
| 320 |
|
|
|a Библиография в конце статей
|
| 610 |
1 |
|
|a пластмассовые заводы
|
| 610 |
1 |
|
|a полимерное оборудование
|
| 610 |
1 |
|
|a пластические массы
|
| 610 |
1 |
|
|a переработка
|
| 610 |
1 |
|
|a конструирование
|
| 610 |
1 |
|
|a эксплуатация
|
| 610 |
1 |
|
|a тепловые процессы
|
| 610 |
1 |
|
|a реологические процессы
|
| 610 |
1 |
|
|a параметры
|
| 610 |
1 |
|
|a исследование
|
| 610 |
1 |
|
|a расплавы
|
| 610 |
1 |
|
|a воздействие
|
| 610 |
1 |
|
|a ультразвуковые колебания
|
| 610 |
1 |
|
|a электрооборудование
|
| 610 |
1 |
|
|a автоматизация
|
| 610 |
1 |
|
|a затраты
|
| 610 |
1 |
|
|a расчет
|
| 610 |
1 |
|
|a экстенсивное использование
|
| 610 |
1 |
|
|a интенсивное использование
|
| 675 |
|
|
|a 679.5.05
|v 3
|
| 702 |
|
1 |
|a Орлов
|b В. Н.
|4 340
|
| 712 |
0 |
2 |
|a Украинский научно-исследовательский и конструкторский институт по разработке машин и оборудования для переработки пластических масс, резины и искусственной кожи (Укрниипластмаш)
|2 stltpush
|3 (RuTPU)RU\TPU\col\12435
|
| 801 |
|
1 |
|a RU
|b 63413507
|c 20070703
|g PSBO
|
| 801 |
|
2 |
|a RU
|b 63413507
|c 20080331
|g PSBO
|
| 942 |
|
|
|c BK
|